MARC-Details
| 000 -LEADER |
| fixed length control field |
02643nam a2200685uc 4500 |
| 001 - CONTROL NUMBER |
| control field |
1293189588 |
| 003 - CONTROL NUMBER IDENTIFIER |
| control field |
DE-101 |
| 005 - DATE AND TIME OF LATEST TRANSACTION |
| control field |
20260414151736.0 |
| 007 - PHYSICAL DESCRIPTION FIXED FIELD--GENERAL INFORMATION |
| fixed length control field |
cr|||||||||||| |
| 008 - FIXED-LENGTH DATA ELEMENTS--GENERAL INFORMATION |
| fixed length control field |
230619s2019 gw |||||o|||| 00||||ger |
| 015 ## - NATIONAL BIBLIOGRAPHY NUMBER |
| National bibliography number |
23,O07 |
| Source |
dnb |
| 016 7# - NATIONAL BIBLIOGRAPHIC AGENCY CONTROL NUMBER |
| Source |
DE-101 |
| Record control number |
1293189588 |
| 020 ## - INTERNATIONAL STANDARD BOOK NUMBER |
| International Standard Book Number |
9783770456956 |
| 024 3# - OTHER STANDARD IDENTIFIER |
| Standard number or code |
9783770456956 |
| 024 7# - OTHER STANDARD IDENTIFIER |
| Source of number or code |
urn |
| Standard number or code |
urn:nbn:de:101:1-2023061911271428545054 |
| 028 52 - PUBLISHER OR DISTRIBUTOR NUMBER |
| Publisher or distributor number |
Bestellnummer: 375/45695 |
| 035 ## - SYSTEM CONTROL NUMBER |
| System control number |
(DE-599)DNB1293189588 |
| 035 ## - SYSTEM CONTROL NUMBER |
| System control number |
(OCoLC)1389386419 |
| 040 ## - CATALOGING SOURCE |
| Original cataloging agency |
1140 |
| Language of cataloging |
ger |
| Transcribing agency |
DE-101 |
| Modifying agency |
9999 |
| 041 ## - LANGUAGE CODE |
| Field link and sequence number |
1\p |
| Language code of text/sound track or separate title |
ger |
| 044 ## - COUNTRY OF PUBLISHING/PRODUCING ENTITY CODE |
| ISO country code |
XA-DE-BE |
| 082 74 - DEWEY DECIMAL CLASSIFICATION NUMBER |
| Field link and sequence number |
4\p |
| Classification number |
741.5 |
| Assigning agency |
DE-101 |
| Edition number |
23sdnb |
| 100 1# - MAIN ENTRY--PERSONAL NAME |
| Field link and sequence number |
2\p |
| Authority record control number or standard number |
(DE-588)1175438235 |
| -- |
https://d-nb.info/gnd/1175438235 |
| -- |
(DE-101)1175438235 |
| Personal name |
Shirahama, Kamome |
| Relator term |
Verfasser |
| Relationship |
aut |
| Source of heading or term |
gnd |
| 245 10 - TITLE STATEMENT |
| Title |
Atelier of Witch Hat 05 |
| Remainder of title |
Das Geheimnis der Hexen |
| Statement of responsibility, etc. |
Kamome Shirahama |
| 264 #1 - PRODUCTION, PUBLICATION, DISTRIBUTION, MANUFACTURE, AND COPYRIGHT NOTICE |
| Place of production, publication, distribution, manufacture |
Berlin |
| Name of producer, publisher, distributor, manufacturer |
Egmont Manga.digital |
| Date of production, publication, distribution, manufacture, or copyright notice |
2019 |
| 300 ## - PHYSICAL DESCRIPTION |
| Extent |
Online-Ressource, 192 Seiten |
| 336 ## - CONTENT TYPE |
| Content type term |
Text |
| Content type code |
txt |
| Source |
rdacontent |
| 337 ## - MEDIA TYPE |
| Media type term |
Computermedien |
| Media type code |
c |
| Source |
rdamedia |
| 338 ## - CARRIER TYPE |
| Carrier type term |
Online-Ressource |
| Carrier type code |
cr |
| Source |
rdacarrier |
| 583 1# - ACTION NOTE |
| Action |
Archivierung/Langzeitarchivierung gewährleistet |
| Institution to which field applies |
DE-101 |
| Source of term |
pdager |
| 653 ## - INDEX TERM--UNCONTROLLED |
| Uncontrolled term |
(Produktform)Electronic book text |
| 653 ## - INDEX TERM--UNCONTROLLED |
| Uncontrolled term |
(BISAC Subject Heading)CGN004120 |
| 653 ## - INDEX TERM--UNCONTROLLED |
| Uncontrolled term |
(Produktform (spezifisch))Fixed format |
| 653 ## - INDEX TERM--UNCONTROLLED |
| Uncontrolled term |
Kamome Shirahama |
| 653 ## - INDEX TERM--UNCONTROLLED |
| Uncontrolled term |
Harry Potter |
| 653 ## - INDEX TERM--UNCONTROLLED |
| Uncontrolled term |
Atelier |
| 653 ## - INDEX TERM--UNCONTROLLED |
| Uncontrolled term |
Manga |
| 653 ## - INDEX TERM--UNCONTROLLED |
| Uncontrolled term |
Magie |
| 653 ## - INDEX TERM--UNCONTROLLED |
| Uncontrolled term |
Hexen |
| 653 ## - INDEX TERM--UNCONTROLLED |
| Uncontrolled term |
Anime |
| 653 ## - INDEX TERM--UNCONTROLLED |
| Uncontrolled term |
(VLB-Produktgruppen)TN000: E-Books |
| 653 ## - INDEX TERM--UNCONTROLLED |
| Uncontrolled term |
(Produktgruppe)00033: EMA.digital |
| 653 ## - INDEX TERM--UNCONTROLLED |
| Uncontrolled term |
(VLB-WN)9182: Manga, Manhwa/ |
| 653 ## - INDEX TERM--UNCONTROLLED |
| Uncontrolled term |
Zauberschule |
| 653 ## - INDEX TERM--UNCONTROLLED |
| Uncontrolled term |
Hut |
| 653 ## - INDEX TERM--UNCONTROLLED |
| Uncontrolled term |
Hexe |
| 653 ## - INDEX TERM--UNCONTROLLED |
| Uncontrolled term |
(Produktgruppe)00004: Egmont Manga |
| 653 ## - INDEX TERM--UNCONTROLLED |
| Uncontrolled term |
(DDB-Sachgruppen)08: Comics, Cartoons, Karikaturen |
| 700 1# - ADDED ENTRY--PERSONAL NAME |
| Field link and sequence number |
3\p |
| Authority record control number or standard number |
(DE-588)1184943974 |
| -- |
https://d-nb.info/gnd/1184943974 |
| -- |
(DE-101)1184943974 |
| Personal name |
Suzuki, Cordelia |
| Dates associated with a name |
1982- |
| Relator term |
Übersetzer |
| Relationship |
trl |
| Source of heading or term |
gnd |
| 776 08 - ADDITIONAL PHYSICAL FORM ENTRY |
| Relationship information |
Erscheint auch als |
| Note |
Druck-Ausgabe |
| International Standard Book Number |
9783770456949 |
| 856 40 - ELECTRONIC LOCATION AND ACCESS |
| Uniform Resource Identifier |
<a href="https://nbn-resolving.org/urn:nbn:de:101:1-2023061911271428545054">https://nbn-resolving.org/urn:nbn:de:101:1-2023061911271428545054</a> |
| 856 #0 - ELECTRONIC LOCATION AND ACCESS |
| Uniform Resource Identifier |
<a href="https://d-nb.info/1293189588/34">https://d-nb.info/1293189588/34</a> |
| 856 4# - ELECTRONIC LOCATION AND ACCESS |
| Electronic format type |
epub |
| 883 1# - METADATA PROVENANCE |
| Field link and sequence number |
1\p |
| Creation process |
npi |
| Creation date |
20230619 |
| Assigning or generating agency |
DE-101 |
| Uniform Resource Identifier |
https://d-nb.info/provenance/plan#npi |
| 883 ## - METADATA PROVENANCE |
| Field link and sequence number |
2\p |
| Creation process |
cgwrk-pa |
| Creation date |
20230620 |
| Assigning or generating agency |
DE-101 |
| Uniform Resource Identifier |
https://d-nb.info/provenance/plan#cgwrk-pa |
| 883 0# - METADATA PROVENANCE |
| Field link and sequence number |
3\p |
| Creation process |
ptc002 |
| Creation date |
20260117 |
| Assigning or generating agency |
DE-101 |
| Uniform Resource Identifier |
https://d-nb.info/provenance/plan#ptc002 |
| 883 1# - METADATA PROVENANCE |
| Field link and sequence number |
4\p |
| Creation process |
npi |
| Creation date |
20230619 |
| Assigning or generating agency |
DE-101 |
| Uniform Resource Identifier |
https://d-nb.info/provenance/plan#npi |
| 942 ## - ADDED ENTRY ELEMENTS (KOHA) |
| Source of classification or shelving scheme |
Dewey Decimal Classification |
| Koha item type |
Manga |
| Suppress in OPAC |
No |